Communes du Liechtenstein sur une carte - Statistiques

Statistiques générales
  • Ce quiz a été pris 671 fois
  • Le résultat moyen est 4 sur 11
Réponses sur la Carte
Les réponses sont colorées sur une échelle allant du rouge au vert en fonction du pourcentage des utilisateurs qui les ont devinées à leur premier essai. Vous pouvez retrouver ces pourcentages ci-dessous.
 
Statistiques - réponses
Réponse % Correct
Vaduz
99%
Schaan
50%
Balzers
37%
Triesen
37%
Eschen
34%
Triesenberg
32%
Mauren
27%
Ruggell
27%
Gamprin
24%
Planken
22%
Schellenberg
22%
Aucun quiz correspondant
Distribution des résultats
% des personnes avec chaque résultat
Percentile par nombre de réponses
Votre historique - résultats
Vous n’avez pas pris ce quiz